| 000 | 01788cam a2200337Ii 4500 | ||
|---|---|---|---|
| 008 | |||
| 020 | _a9780323481113 (paperback) | ||
| 040 |
_aNUST _cNUST |
||
| 049 | _aMAIN | ||
| 090 |
_aREF RK51.5 _bMOS |
||
| 245 | 0 | 0 |
_aMosby's dental drug reference / _ceditor-in-chief, Arthur H. Jeske. |
| 250 | _aTwelth Edition. | ||
| 264 | 1 |
_aSt. Louis, Missouri : _bElsevier Mosby, _c2018. |
|
| 300 |
_axvi, 1494 pages ; _c20 cm. |
||
| 336 |
_atext _btxt _2rdacontent |
||
| 337 |
_aunmediated _bn _2rdamedia |
||
| 338 |
_avolume _bnc _2rdacarrier |
||
| 500 | _aIncludes index | ||
| 505 | 0 | _aIndividual Drug Monographs: -- Abacavir-Aztreonam -- Bacitracin-Butorphanol tartrate -- Cabergoline-Cytarabine -- Dabigatran-Dyphylline -- Echothiophate iodide-Ezogabine -- Famciclovir-Furosemide -- Gabapentin-Guanfacine -- Halcinonide-Hyoscyamine -- Ibandronate sodium-lxabepilone -- Kanamycin sulfate-Ketotifen fumarate -- Labetalol hydrochloride-Lurasidone -- Mafenide-Mycophenolate mofetil -- Nabumetone-Nystatin -- Octreotide acetate-Oxymetholone -- Pacilitaxel-Pyrimethamine -- Quazepam-Quinine -- Rabeprazole sodium-Rotigotine -- Sacubitril+Valsartan-Suvorexant -- Tacrine hydrochloride-Trovafloxacin mesylate/alatrofloxacin mesylate -- Ulipristal-Ursodiol -- Valacyclovir-Vortioxetine -- Warfarin sodium -- Zafirlukast-Zonisamide -- Generic and trade name index | |
| 650 | 0 |
_aDental pharmacology _vHandbooks, manuals, etc |
|
| 650 | 1 | 2 | _aPharmaceutical Preparations. |
| 650 | 1 | 2 | _aDentistry. |
| 655 | 7 | _aDictionaries. | |
| 655 | 7 | _aHandbooks and manuals. | |
| 655 | 2 | _aHandbooks. | |
| 700 | 1 |
_aJeske, Arthur H., _eeditor. |
|
| 907 |
_a.b1039882x _b01-03-22 _c22-01-20 |
||
| 003 | |||
| 005 | 20230120204246.0 | ||
| 942 |
_cBOOKS _kREF RK51.5 _mMOS |
||
| 999 |
_c119985 _d119985 |
||